| 000 | 00583cam a2200205 4500 | ||
|---|---|---|---|
| 001 | D16170 | ||
| 008 | 090401t1980 xxu||||| |||| 00| 0 eng d | ||
| 035 | _a(Sirsi) u27577 | ||
| 041 | _aeng | ||
| 050 | _a306.52 | ||
| 110 |
_aRoyal Institution of Chartered Surveyors _94900 |
||
| 245 | 4 | _aThe RICS and the voluntary housing movement: the report of the Housing Associations Working Party | |
| 260 |
_bRICS _c1980 |
||
| 300 | _a5p. 30cm | ||
| 350 | _a0 | ||
| 520 | _aFiled in box RICS 1980/112 | ||
| 710 |
_aGeneral Practice Division _9752 |
||
| 942 | _n0 | ||
| 948 | _c04/03/1997 | ||
| 999 |
_c89129 _d89129 |
||